| 000 | 00790nac a22002291u 4500 | ||
|---|---|---|---|
| 010 | _a 2005937212 | ||
| 020 | _a0672327996 (pbk.) | ||
| 035 | _a(OCoLC)ocm67158883 | ||
| 082 |
_b005.7585 _aLIS |
||
| 090 |
_c5835 _d5835 |
||
| 100 | _aLisin, Michael. | ||
| 245 | 1 | 0 |
_aMicrosoft SQL Server 2005 reporting services / _cMichael Lisin and Jim Joseph. |
| 260 |
_aIndianapolis : _bSams Publishing,2006 _cc2006. |
||
| 300 |
_axii,459 p. : _bill. ; _c25 cm. |
||
| 500 | _aIncludes index. | ||
| 500 | _adistributer: Al-Ahram | ||
| 511 | _acatalogued by: wessam | ||
| 650 | 0 | _aClient/server computing. | |
| 700 | 1 | _aJoseph, Jim. | |
| 856 | 4 | 1 |
_3Table of contents only _uhttp://www.loc.gov/catdir/toc/fy0711/2005937212.html |
| 942 |
_cBB _k 005.7585LIS |
||
| 999 |
_c5835 _d5835 |
||